000 00781cam a22002533a 4500
001 29129
003 PGUSA
005 20140828083630.0
008 090615s2009||||xxu|||||s|||||000 1 eng d
040 _aPGUSA
_beng
042 _adc
050 4 _aPZ
100 1 _aBrooks, Noah,
_d1830-1903
245 1 4 _aThe Boy Settlers :
_bA Story of Early Times in Kansas
_h[electronic resource] /
_cNoah Brooks
260 _bProject Gutenberg,
_c2009
506 _aPublic domain in the USA.
516 _aElectronic text
653 _aFrontier and pioneer life -- Juvenile fiction
653 _aKansas -- Juvenile fiction
700 1 _aRogers, W. A.
_q(William Allen),
_d1854-1931
830 0 _aProject Gutenberg
_v29129
856 4 0 _uhttp://www.gutenberg.org/ebooks/29129
942 _cEB
999 _c258384
_d258384